Представление документа в формате RUSMARC

ПолеНазваниеЗначение
  Тип записи a
  Библиографический уровень m
001 Контрольный номер RU/REG73/CBS_GRAD/22162a9fcc304a5c95bf188784460d57
005 Дата корректировки 20230613154054.5
010 Индекс ISBN __
a ISBN 5-94455-579-3
100 Данные общей обработки __
a Данные общей обработки 20230613d 0rusy0189## ca
101 Язык документа 0_
a Язык текста rus
102 Страна публикации __
a Страна публикации RU
200 Заглавие и сведения об ответственности 1_
a Заглавие Города России
e Сведения, относящиеся к заглавию справочник школьника
f Первые сведения об ответственности Ганул Елена Александровна
210 Выходные данные 1_
a Место издания Санкт-Петербург
c Издательство Литера
d Дата издания 2006
215 Физическое описание __
a Объем 96 с.
225 Серия 2_
a Серия Моя Родина - Россия
610 Ключевые слова 0_
a Ключевые слова города России
686 Индексы других классификаций __
a Классификационный индекс 26.89(2)
700 Автор _1
a Фамилия Ганул
b Имя (инициалы) Елена Александровна
801 Источник записи _0
a Страна RU
b Организация RuCBSGrad
c Дата составления 20230613
g Правила каталогизации RCR
801 Источник записи _1
a Страна RU
b Организация RuCBSGrad
c Дата составления 20230613
g Правила каталогизации RCR
901 Тип документа __
t Тип документа m